The art of computer programming / (Record no. 87255)

MARC details
000 -LEADER
campo de control de longitud fija 00866nam a2200229 i 4500
001 - NÚMERO DE CONTROL
campo de control 87255
003 - IDENTIFICADOR DE NÚMERO DE CONTROL
campo de control ES-MaACL
005 - FECHA Y HORA DE LA ÚLTIMA TRANSACCIÓN
campo de control 20230906175630.0
007 - CAMPO FIJO DE DESCRIPCIÓN FÍSICA--INFORMACIÓN GENERAL
campo de control de longitud fija t|
008 - DATOS DE LONGITUD FIJA--INFORMACIÓN GENERAL
campo de control de longitud fija 041220m19731981xxu ||||1| eng d
100 1# - ENTRADA PRINCIPAL--NOMBRE DE PERSONA
Nombre de persona Knuth, Donald E.
9 (RLIN) 68385
245 14 - MENCIÓN DEL TÍTULO
Título The art of computer programming /
Mención de responsabilidad, etc. Donald E. Knuth.
250 ## - MENCION DE EDICION
Mención de edición 2nd ed.
260 ## - PUBLICACIÓN, DISTRIBUCIÓN, ETC.
Lugar de publicación, distribución, etc. Reading, Massachusetts :
Nombre del editor, distribuidor, etc. Addison-Wesley,
Fecha de publicación, distribución, etc. [1973-1981]
300 ## - DESCRIPCIÓN FÍSICA
Extensión 3 v. ;
Dimensiones 24 cm.
490 1# - MENCIÓN DE SERIE
Mención de serie Addison-Wesley series in computer science and information processing
505 8# - NOTA DE CONTENIDO CON FORMATO
Nota de contenido con formato Contiene: V. I: Fundamental algorithms. -- V. II: Seminumerical algorithms. -- V. III: Sorting and searching
650 04 - PUNTO DE ACCESO ADICIONAL DE MATERIA--TÉRMINO DE MATERIA
Término de materia o nombre geográfico como elemento de entrada Programación de ordenadores.
9 (RLIN) 16464
830 0# - PUNTO DE ACCESO ADICIONAL DE SERIE-TÍTULO UNIFORME
Título uniforme Addison-Wesley series in computer science and information processing
9 (RLIN) 231780
852 ## - LOCALIZACIÓN
Ubicación ES-MaACL
Número de control de estantería P-61
Sublocalización o colección R.113723, 114195
Holdings
Estatus retirado Estado de pérdida Estado de daño No para préstamo Biblioteca de origen Biblioteca actual Ubicación en estantería Fecha de adquisición Fuente de adquisición Total de préstamos Signatura topográfica completa Código de barras Visto por última vez Precio de reemplazo Tipo de ítem Koha
        Biblioteca del Ateneo de Madrid Biblioteca del Ateneo de Madrid Depósito 2 17/01/2008     P-61 1091161 23/02/2023 23/02/2023 Libro impreso